| 000 | 00767nam a2200193 a 4500 | ||
|---|---|---|---|
| 005 | 20160913095424.0 | ||
| 008 | 160913b2012 ck a||||r|||| 00| 0 spa d | ||
| 040 |
_aCO-BoIAVH _cCO-BoIAVH |
||
| 041 | 0 | _aspa | |
| 044 | _ack | ||
| 082 | 0 | 4 |
_a333.715068 _bA26d |
| 245 | 0 | 0 |
_aAgenda para el desarrollo sostenible de la ecorregión eje cafetero : _bdimensión ambiental / |
| 260 |
_a[Pereira?]: _bCarder : _bCRQ : _bCorpocaldas : _bCVC : _bParques Nacionales Naturales, _c[2012?]. |
||
| 300 |
_a39 páginas : _bilustraciones ; _c26 x 20 cm. |
||
| 650 | 2 | 6 |
_aDesarrollo sostenible _zEje cafetero (Colombia) |
| 650 | 2 | 6 |
_aPolítica ambiental _zEje cafetero (Colombia) |
| 650 | 2 | 6 |
_aGestión ambiental _zEje cafetero (Colombia) |
| 942 |
_2ddc _cLIBRO |
||
| 999 |
_c19015 _d19015 |
||